000 00395nam a22001337a 4500
020 _a8126506555
082 _222
_a005.43222
100 _aCollings, Terry and Wall, Kurt.
245 _aRed hat linux net working and system administration /
250 _a3rd.
260 _aNew Delhi,
_bJohn Wiley and Sons Publishers,
_cc2006.
300 _axxviii, 992 p. ;
_bill. ;
_c23 cm.
942 _2ddc
_cIT
_02
999 _c511
_d511